[Event "JPN-ch"]
[Site "Tokyo"]
[Date "2020.11.02"]
[Round "5"]
[White "Scott, Tyler"]
[Black "Matsuda, Ryu"]
[Result "1-0"]
[WhiteElo "1915"]
[BlackElo "2095"]
[PlyCount "47"]
[EventDate "2020.10.31"]
[EventType "swiss"]
[EventRounds "7"]
[EventCountry "JPN"]
[SourceTitle "CBM 199 Extra"]
[Source "ChessBase"]
[SourceDate "2021.01.31"]
[SourceVersion "1"]
[SourceVersionDate "2021.01.31"]
[SourceQuality "1"]

1. e4 c5 2. Nf3 Nc6 3. d4 cxd4 4. Nxd4 Qc7 5. Nc3 e6 6. Be3 a6 7. Qf3 Ne5 8. Qg3 b5 9. 0-0-0 Nf6 10. a3 Bb7 11. Bxb5 Rc8 12. Ba4 Nxe4 13. Nxe4 Bxe4 14. Bf4 Bd6 15. Nxe6 fxe6 16. Rxd6 Bxc2 17. Rxe6+ Kf7 18. Bxe5 Qc4 19. Qxg7+ Kxe6 20. Qf6+ Kd5 21. Qd6+ Ke4 22. Re1+ Kf5 23. Qf6+ Kg4 24. h3+ 1-0

[Event "JPN-ch"]
[Site "Tokyo"]
[Date "2020.11.01"]
[Round "4"]
[White "Matsuda, Ryu"]
[Black "Gishi, Takeshi"]
[Result "1/2-1/2"]
[WhiteElo "2095"]
[BlackElo "2038"]
[PlyCount "79"]
[EventDate "2020.10.31"]
[EventType "swiss"]
[EventRounds "7"]
[EventCountry "JPN"]
[SourceTitle "CBM 199 Extra"]
[Source "ChessBase"]
[SourceDate "2021.01.31"]
[SourceVersion "1"]
[SourceVersionDate "2021.01.31"]
[SourceQuality "1"]

1. d4 g6 2. c4 Bg7 3. Nf3 Nf6 4. g3 c5 5. d5 b5 6. cxb5 Qa5+ 7. Bd2 Qxb5 8. Nc3 Qb7 9. Bg2 d6 10. 0-0 0-0 11. e4 Bg4 12. Rb1 Qc8 13. Qa4 Nbd7 14. Bf4 Nh5 15. Bg5 Re8 16. h3 Nb6 17. Qc6 Bxh3 18. Qxc8 Bxc8 19. Nb5 Ba6 20. Nc7 Bxf1 21. Bxf1 Nf6 22. Bb5 Rec8 23. Nxa8 Rxa8 24. Nd2 h6 25. Bxf6 Bxf6 26. b3 Rb8 27. a4 h5 28. Nc4 Nxc4 29. Bxc4 a5 30. f4 Kg7 31. Kg2 Bd4 32. Rh1 f6 33. Kf3 Rh8 34. Bd3 g5 35. f5 Be5 36. Kg2 g4 37. Be2 Rb8 38. Bc4 Kh6 39. Rh4 Kg5 40. Bb5 1/2-1/2